[Event "Politiken Cup"]
[Site "Copenhagen DEN"]
[Date "2004.07.25"]
[Round "3"]
[White "Hansen,LB"]
[Black "Vuilleumier,A"]
[Result "1/2-1/2"]
[WhiteElo "2572"]
[BlackElo "2259"]

1.d4 d5 2.Nf3 Nf6 3.c4 e6 4.g3 Be7 5.Bg2 O-O 6.O-O dxc4 7.Qc2 a6 8.Qxc4 b5
9.Qc2 Bb7 10.Bg5 Nbd7 11.Bxf6 Nxf6 12.Nbd2 Rc8 13.Nb3 Be4 14.Qc3 Qd5 15.Rfc1 Qh5
16.Nc5 Bxc5 17.Qxc5 Qxc5 18.Rxc5 Nd7 19.Rc3 c5 20.dxc5 Rxc5 21.Rxc5 Nxc5
22.Rc1 Na4 23.b3 Nb6 24.Ne5 Bxg2 25.Kxg2 Rc8 26.Rxc8+ Nxc8 27.Nc6 Nb6 28.Nb8 a5
29.e4 a4 30.Kf3 axb3 31.axb3 Kf8 32.Ke3 e5 33.Nc6 Nd7 34.b4 f6 35.Kd3 Nb6
36.Na7 Ke7 37.Nxb5 Kd7 38.Na3 Kc6 39.Nc4 Nc8 40.Ne3 Kb5 41.Kc3 Nd6 42.f3 Nf7
43.h4 g6 44.Nc4 f5 45.exf5 gxf5 46.f4 exf4 47.gxf4 h5 48.Ne3 Nh8 49.Nxf5 Ng6
50.Nd4+ Kb6 51.f5 Nxh4 52.Kc4 Ng2 53.f6 Nf4 54.f7 Ng6 55.Kd5 h4 56.Ke6 h3
57.Nf3 Kb5 58.Kf6 Nf8 59.Kg7 Ne6+ 60.Kg8 Kxb4 61.Nd4 Nf8 62.Kxf8 h2 63.Kg8 h1=Q
64.f8=Q+ Kc4 65.Nf5 Qd5+ 66.Kg7 Qb7+ 67.Ne7  1/2-1/2

[Event "ch-AUT"]
[Site "Hartberg AUT"]
[Date "2004.07.26"]
[Round "3"]
[White "Poeltl,T"]
[Black "Schnider,G"]
[Result "0-1"]
[WhiteElo "2217"]
[BlackElo "2314"]

1.d4 Nf6 2.c4 e6 3.g3 d5 4.Nf3 Be7 5.Bg2 O-O 6.O-O dxc4 7.Ne5 c5 8.dxc5 Bxc5
9.Qc2 Qc7 10.Nxc4 Nc6 11.e3 Bd7 12.b3 Nb4 13.Qe2 Bc6 14.Bb2 Bxg2 15.Kxg2 Rfd8
16.Bxf6 gxf6 17.Nc3 Be7 18.e4 a6 19.Qg4+ Kh8 20.Ne2 b5 21.Ne3 Qb7 22.Qf3 Rd3
23.Nf4 Rd4 24.Rfd1 Rad8 25.Rxd4 Rxd4 26.Qh5 Bf8 27.f3 Rd2+ 28.Kh3 Qd7 29.Ng4 e5
30.Ng2 Nd3 31.Ne3 Nf2+ 32.Kh4 Nxg4 33.Nxg4 Be7 34.Kh3 Kg8 35.a4 b4 36.Rf1 Qe6
37.f4 exf4 38.Rxf4 Rb2 39.Rf5 Rxb3 40.Nh6+ Kf8 41.e5 Rc3 42.Qg4 Ke8 43.exf6 Bf8
44.Nxf7 Qxf7 45.Qe4+ Kd7 46.Qb7+ Rc7 47.Qxa6 Qe6 48.Qb5+ Kc8 49.Kh4 Qc4+
50.g4 Qxb5 51.Rxb5 Rb7 52.Re5 Kd7 53.Re1 b3 54.g5 b2 55.Rb1 Ba3 56.a5 Ke6
57.Kh5 Kf7 58.Kh6 Rb4 59.Kh5 Ra4 60.Rd1 Rxa5 61.Rd7+ Ke6 62.Rb7 Rd5 63.Kh6 Rd7
64.Rb3 Kf5 65.Rb5+ Kg4 66.Rb3 Bf8+  0-1

[Event "Summer Open"]
[Site "Pirot SCG"]
[Date "2004.07.26"]
[Round "2"]
[White "Tosic,M"]
[Black "Ristic,Neb2"]
[Result "1-0"]
[WhiteElo "2481"]
[BlackElo "2163"]

1.d4 d5 2.c4 e6 3.Nf3 Nf6 4.g3 Be7 5.Bg2 O-O 6.O-O b6 7.cxd5 exd5 8.Nc3 Bb7
9.b3 Nbd7 10.Bb2 Ne4 11.Nxe4 dxe4 12.Nd2 f5 13.Nc4 c5 14.Rc1 Rc8 15.Qd2 b5
16.Ne3 Bg5 17.h4 Bh6 18.dxc5 Bxe3 19.Qxe3 Qa5 20.a3 Rf7 21.b4 Qa6 22.Rfd1 Qe6
23.Rd6 Qe7 24.Rcd1 Nf8 25.Qg5 Qc7 26.Rd8 e3 27.Rxc8 exf2+ 28.Kxf2 Qxc8 29.c6 Bxc6
30.Rc1 h6 31.Qf4 Ne6 32.Rxc6 Qxc6 33.Qb8+  1-0

[Event "Open"]
[Site "Balatonlelle HUN"]
[Date "2004.07.27"]
[Round "9"]
[White "Bagonyai,A"]
[Black "Kottmair,T"]
[Result "1-0"]
[WhiteElo "2383"]
[BlackElo "2243"]

1.d4 d5 2.Nf3 Nf6 3.c4 e6 4.g3 Be7 5.Bg2 O-O 6.O-O dxc4 7.Na3 c5 8.Nxc4 Nc6
9.dxc5 Bxc5 10.Bf4 Nd5 11.Bd2 f6 12.e4 Nb6 13.Rc1 Nxc4 14.Rxc4 Bb6 15.e5 Qd5
16.Rh4 Nxe5 17.Ng5 Qd7 18.Nxh7 Rd8 19.Qh5 Qxd2 20.Nxf6+ Kf8 21.Qxe5 Bd4 22.Rh8+ Kf7
23.Qc7+  1-0

[Event "12th Open"]
[Site "St Affrique FRA"]
[Date "2004.07.27"]
[Round "5"]
[White "Pham Minh Hoang"]
[Black "Vallin,G"]
[Result "1/2-1/2"]
[WhiteElo "2446"]
[BlackElo "2401"]

1.Nf3 e6 2.c4 d5 3.g3 Nf6 4.Bg2 Be7 5.d4 O-O 6.O-O c6 7.Nc3 Nbd7 8.Nd2 Nb6
9.c5 Nbd7 10.b4 a5 11.b5 b6 12.bxc6 Nb8 13.cxb6 Qxb6 14.Rb1 Qxc6 15.Nb5 Ba6
16.Ba3 Bb4 17.Bxb4 axb4 18.a4 Bxb5 19.axb5 Qxb5 20.e3 Nbd7 21.Qb3 Rfb8 22.Rfc1 g6
23.Bf1 Qb6 24.Rb2 Ra3 25.Qd1 Qd6 26.Rcb1 h5 27.Bg2 Kg7 28.Rb3  1/2-1/2

[Event "Politiken Cup"]
[Site "Copenhagen DEN"]
[Date "2004.07.30"]
[Round "8"]
[White "Johannessen,LE"]
[Black "Holst,A"]
[Result "1/2-1/2"]
[WhiteElo "2538"]
[BlackElo "2358"]

1.Nf3 e6 2.c4 Nf6 3.g3 d5 4.d4 Be7 5.Bg2 O-O 6.O-O dxc4 7.Qc2 a6 8.Qxc4 b5
9.Qc2 Bb7 10.Bd2 h6 11.a3 Ra7 12.Bc3 a5 13.Nbd2 a4 14.b4 axb3 15.Qxb3 Bd5
16.Qxb5 Rxa3 17.Rxa3 Bxa3 18.Ba5 Nc6 19.Qd3 Be7 20.Bc3 Nb8 21.Rc1 Bb7 22.Nb3 Bd5
23.Bd2 Ba3 24.Ra1 Bd6 25.Ne1 Bxg2 26.Nxg2 Nbd7 27.e4 Be7 28.Rc1 c5 29.dxc5 Nxc5
30.Nxc5 Bxc5 31.Qxd8 Rxd8 32.Rxc5 Rxd2 33.f3 g5 34.h3 Kg7 35.Ne3 Re2 36.Nf1 Nd7
37.Rb5 Kf6 38.Nh2 Kg6 39.Ng4 h5 40.Ne5+ Nxe5 41.Rxe5 Kf6 42.Ra5 Rb2  1/2-1/2

[Event "Politiken Cup"]
[Site "Copenhagen DEN"]
[Date "2004.07.31"]
[Round "9"]
[White "Bjerke,R"]
[Black "Cech,P"]
[Result "1/2-1/2"]
[WhiteElo "2232"]
[BlackElo "2404"]

1.Nf3 d5 2.d4 Nf6 3.c4 e6 4.g3 Be7 5.Bg2 O-O 6.O-O dxc4 7.Qc2 a6 8.a4 Bd7
9.Qxc4 Bc6 10.Bg5 Bd5 11.Qd3 c5 12.Nc3 Bc6 13.dxc5 Qxd3 14.exd3 Bxc5 15.Bxf6 gxf6
16.d4 Ba7 17.Rfd1 Bxf3 18.Bxf3 Nc6 19.d5 Ne5 20.Be2 Rac8 21.dxe6 fxe6 22.Rd2 f5
23.Kg2 Rfd8 24.Rad1 Rxd2 25.Rxd2 Rc7 26.Rd8+ Kg7 27.Rd6 Kf7 28.Rd2 Bc5 29.f4 Nc6
30.Bh5+ Kf6 31.Bf3 Na5 32.Nd1 Bb4 33.Re2 Nb3 34.Nc3 Bxc3 35.bxc3 b6 36.Rb2 Rxc3
37.Bd1 Nc5 38.Rxb6 Ke7 39.Rb8 Rd3 40.Bh5 Rd8 41.Rb6 Nxa4  1/2-1/2

[Event "Politiken Cup"]
[Site "Copenhagen DEN"]
[Date "2004.07.31"]
[Round "9"]
[White "Skjoldan,B"]
[Black "Greiff,H"]
[Result "1/2-1/2"]
[WhiteElo "2080"]
[BlackElo "2253"]

1.d4 d5 2.c4 e6 3.g3 Nf6 4.Bg2 Be7 5.Nf3 O-O 6.O-O dxc4 7.Qc2 a6 8.a4 c5
9.dxc5 Nc6 10.Qxc4 Qa5 11.Na3 e5 12.Bd2 Qxc5 13.Rfc1 Qd6 14.Qc2 e4 15.Ng5 Nd4
16.Qd1 Bg4 17.f3 Be6 18.Bf4 Qb6 19.a5 Qa7 20.Kh1 Bb3 21.Qf1 Ne6 22.Nxe6 Bxe6
23.Nc4 Bxc4 24.Rxc4 Rac8 25.Rac1 Qa8 26.fxe4 Rxc4 27.Rxc4 Rc8 28.Bc7 Ne8
29.Qc1 Rxc7 30.Rxc7 Nxc7 31.Qxc7 Qd8 32.Qxd8+  1/2-1/2

[Event "IV Mario Covas"]
[Site "Santos BRA"]
[Date "2004.08.04"]
[Round "5"]
[White "Leitao,R"]
[Black "Milos,G"]
[Result "1/2-1/2"]
[WhiteElo "2573"]
[BlackElo "2601"]

1.c4 e6 2.d4 d5 3.Nf3 Nf6 4.g3 Be7 5.Bg2 O-O 6.O-O dxc4 7.Qc2 a6 8.a4 Bd7
9.Qxc4 Bc6 10.Bg5 Bd5 11.Qc2 Nbd7 12.Nc3 Bxf3 13.Bxf3 c6 14.a5  1/2-1/2

[Event "It A"]
[Site "Montreal CAN"]
[Date "2004.08.07"]
[Round "4"]
[White "Huzman,A"]
[Black "Rozentalis,E"]
[Result "1/2-1/2"]
[WhiteElo "2588"]
[BlackElo "2619"]

1.d4 Nf6 2.c4 e6 3.g3 d5 4.Bg2 Be7 5.Nf3 O-O 6.O-O dxc4 7.Qc2 a6 8.Qxc4 b5
9.Qc2 Bb7 10.Bd2 Be4 11.Qc1 c6 12.a4 b4 13.Bg5 Nbd7 14.Nbd2 Bd5 15.Ne5 Bxg2
16.Kxg2 c5 17.Nc6 Qe8 18.dxc5 Nxc5 19.Nxe7+ Qxe7 20.Bxf6  1/2-1/2

[Event "HZ Open"]
[Site "Vlissingen NED"]
[Date "2004.08.08"]
[Round "2"]
[White "Odendahl,R"]
[Black "De Blasio,A"]
[Result "1-0"]
[WhiteElo "2377"]
[BlackElo "2086"]

1.Nf3 d5 2.c4 e6 3.g3 Nf6 4.Bg2 Be7 5.d4 O-O 6.O-O Nbd7 7.Qc2 Ne4 8.Nbd2 Ndf6
9.Rd1 c6 10.Ne5 Nd6 11.b3 Nd7 12.e4 dxe4 13.Nxe4 Nxe4 14.Bxe4 f5 15.Nxd7 Bxd7
16.Bg2 Qc7 17.Bf4 Bd6 18.Bxd6 Qxd6 19.Qe2 Rae8 20.Qe5 Qxe5 21.dxe5 Bc8 22.b4 Kf7
23.c5 Rd8 24.Rd6 Ke7 25.a4 a6 26.b5 axb5 27.axb5 cxb5 28.Rb1 Rd7 29.Rxb5 Rc7
30.f4 Rf7 31.Kf2 g6 32.Ke3 Kf8 33.Kd4 Rfe7 34.Kc4 Kf7 35.Kb4 Re8 36.Ka5 Ree7
37.Kb6 Ke8 38.Ra5 Kf7 39.Ra8 h5 40.Rd8 Re8  1-0

[Event "It B"]
[Site "Montreal CAN"]
[Date "2004.08.09"]
[Round "6"]
[White "Mikhalevski,V"]
[Black "Lawson,E"]
[Result "1-0"]
[WhiteElo "2551"]
[BlackElo "2276"]

1.d4 Nf6 2.c4 e6 3.g3 d5 4.Bg2 Be7 5.Nf3 O-O 6.Qc2 c5 7.dxc5 Qa5+ 8.Qc3 Qxc5
9.cxd5 Nxd5 10.Qxc5 Bxc5 11.O-O Nc6 12.Bd2 Bd7 13.Nc3 Nxc3 14.Bxc3 Rac8 15.Rac1 Bb6
16.Rfd1 Rfd8 17.Kf1 Be8 18.Ke1 Ne7 19.Ne5 Nd5 20.Bxd5 exd5 21.Bb4 Rxc1 22.Rxc1 Bb5
23.Bc5 Re8 24.Bxb6 axb6 25.a4 Bxe2 26.Kxe2 Rxe5+ 27.Kd3 Kf8 28.Rc8+ Re8 29.Rxe8+ Kxe8
30.Kd4 Kd8 31.Kxd5 Kc7 32.g4 h6 33.h4 Kd7 34.Kc4 Kc6 35.Kb4 g5 36.h5 f6 37.b3 Kd5
38.Kb5 Ke4 39.Kxb6 Kf3 40.Kxb7 Kxg4 41.a5 Kf3 42.a6 Kxf2 43.a7 f5 44.a8=Q f4
45.Qf8 Ke3 46.Qxh6 g4 47.Qg5  1-0

[Event "15th ch-NATO"]
[Site "The Hague NED"]
[Date "2004.08.10"]
[Round "3"]
[White "Helbig,M"]
[Black "Cheung,J"]
[Result "1/2-1/2"]
[WhiteElo "2305"]
[BlackElo "2100"]

1.d4 Nf6 2.c4 e6 3.g3 d5 4.Bg2 Be7 5.Nf3 O-O 6.O-O dxc4 7.Qc2 a6 8.a4 Bd7
9.Qxc4 Bc6 10.Nc3 b5 11.Qd3 b4 12.Nb1 Be4 13.Qd1 c5 14.Nbd2 Bb7 15.Nc4 Nbd7
16.Bf4 Nb6 17.Nce5 Rc8 18.dxc5 Qxd1 19.Rfxd1 Bxc5 20.Nd3 Be7 21.Bd2 a5 22.Nd4 Bxg2
23.Kxg2 Ne4 24.Be3 Nc4 25.Rac1 Bf6 26.Nb3 Nxb2 27.Nxb2 Bxb2 28.Rxc8 Rxc8
29.Nxa5 Nc3 30.Rd7 Nxa4 31.Nc6 Bf6 32.Nxb4 Nc3 33.Kf3 h5 34.h3 Rd8 35.Rb7 Nd5
36.Nd3 g6 37.g4 hxg4+ 38.hxg4 Nxe3 39.Kxe3 g5 40.Rb4 Kg7 41.Ke4 Rd7 42.e3 Rc7
43.f4 Bc3 44.Rb5 Rc4+ 45.Kf3 gxf4 46.exf4 Rc7 47.g5 f6 48.Nc5 Rc6 49.Kg4 fxg5
50.fxg5 Bd4 51.Rb7+ Kg6 52.Nd3 e5 53.Ne1 Be3 54.Nf3 Rc4+ 55.Kg3 Bf4+ 56.Kh3  1/2-1/2

[Event "HZ Open"]
[Site "Vlissingen NED"]
[Date "2004.08.10"]
[Round "5"]
[White "Bodicker,R"]
[Black "Lacrosse,M"]
[Result "1/2-1/2"]
[WhiteElo "2124"]
[BlackElo "2257"]

1.d4 d5 2.c4 e6 3.Nf3 Nf6 4.g3 Be7 5.Bg2 O-O 6.O-O dxc4 7.Qc2 a6 8.Qxc4 b5
9.Qc2 Bb7 10.Bg5 Nbd7 11.Nbd2 Rc8 12.Bxf6 Nxf6 13.Nb3 c5 14.dxc5 Bd5 15.Rac1 Bxb3
16.Qxb3 Rxc5 17.Rxc5  1/2-1/2

[Event "14th Open"]
[Site "Abu Dhabi UAE"]
[Date "2004.08.14"]
[Round "1"]
[White "Vladimirov,E"]
[Black "Kayumov,S"]
[Result "1/2-1/2"]
[WhiteElo "2628"]
[BlackElo "2404"]

1.d4 d5 2.Nf3 Nf6 3.c4 e6 4.g3 Be7 5.Bg2 O-O 6.O-O dxc4 7.Qc2 a6 8.Qxc4 b5
9.Qc2 Bb7 10.Bd2 Ra7 11.a4 b4 12.Bg5 Be4 13.Qc1 c5 14.Nbd2 Bxf3 15.Nxf3 cxd4
16.Rd1 Rc7 17.Qb1 Nc6 18.Bf4 Rd7 19.Qc2 Na5 20.Ne5 Rc7 21.Nc6 Rc8 22.Rac1 Nxc6
23.Bxc6 Qb6 24.Be5 Rfd8 25.Qc4 Qa5 26.Bxf6 Bxf6 27.Qd3 Qb6 28.Be4 g6 29.Rc4 Rxc4
30.Qxc4 Kg7 31.b3 Bg5 32.Ra1 Qa5  1/2-1/2

[Event "14th Open"]
[Site "Abu Dhabi UAE"]
[Date "2004.08.14"]
[Round "1"]
[White "Harikrishna,P"]
[Black "Mohota,N"]
[Result "1-0"]
[WhiteElo "2609"]
[BlackElo "2331"]

1.d4 d5 2.c4 e6 3.Nf3 Nf6 4.g3 Be7 5.Bg2 O-O 6.Qc2 c5 7.O-O cxd4 8.Nxd4 Nc6
9.Nxc6 bxc6 10.b3 Ba6 11.Nd2 Rc8 12.Bb2 Qa5 13.Rfd1 Qb6 14.e3 Rfd8 15.Rac1 Bc5
16.Nf3 Ne4 17.Bd4 h6 18.Ne5 Bxd4 19.exd4 Nf6 20.c5 Qb8 21.Re1 Nd7 22.Qd2 Nxe5
23.Rxe5 Rc7 24.Rce1 Qb5 25.g4 Qb8 26.h4 Bc8 27.g5 hxg5 28.hxg5 f6 29.R5e3 fxg5
30.Rg3 Rf7 31.Re5 Qc7 32.Rexg5 Rdf8 33.Bf1 Rxf2 34.Rxg7+ Qxg7 35.Qxf2 Rxf2
36.Kxf2 a5 37.a3 Kf7 38.Rxg7+ Kxg7 39.Ke3 Kf6 40.Kf4 Bb7 41.b4 axb4 42.axb4 Bc8
43.b5 Bd7 44.bxc6 Bxc6 45.Ba6 Kf7 46.Ke5 Ke7 47.Bc8 Bd7 48.Bxd7 Kxd7 49.Kf6  1-0

[Event "ch-ESP Abierto"]
[Site "Seville ESP"]
[Date "2004.08.17"]
[Round "5"]
[White "Roa Alonso,S"]
[Black "Fluvia Poyatos,J"]
[Result "0-1"]
[WhiteElo "2357"]
[BlackElo "2450"]

1.Nf3 Nf6 2.c4 e6 3.g3 d5 4.d4 Be7 5.Bg2 O-O 6.O-O dxc4 7.Qc2 a6 8.Qxc4 b5
9.Qc2 Bb7 10.Bf4 Nc6 11.Nc3 Rc8 12.a3 b4 13.Ne4 Nxe4 14.Qxe4 Na5 15.Qd3 c5
16.axb4 c4 17.Qc2 Nc6 18.Bd2 Qb6 19.Qxc4 Nxb4 20.Qb3 Bd5 21.Qa4 Bc4 22.Bxb4 Qxb4
23.Qxb4 Bxb4 24.Ne5 Bxe2 25.Rfc1 Bd2 26.Rxc8 Rxc8 27.Bf1 Bxf1 28.Kxf1 a5
29.Ke2 Bb4 30.Kd3 f6 31.Nc4 Ra8 32.Rc1 Rb8 33.Rc2 h5 34.Ne3 Bf8 35.d5 exd5
36.Nxd5 Rb5 37.Ke4 Bd6 38.f4 Kf7 39.f5 Be5 40.Nc3 Rb4+ 41.Kf3 a4 42.Nd1 h4
43.gxh4 Rf4+ 44.Kg2 Rxh4 45.h3 Rb4 46.Kf1 Rf4+ 47.Rf2 Rxf2+ 48.Kxf2 Bxb2  0-1

[Event "ch-ESP Abierto"]
[Site "Seville ESP"]
[Date "2004.08.19"]
[Round "7"]
[White "Llanes Hurtado,M"]
[Black "Fluvia Poyatos,J"]
[Result "1/2-1/2"]
[WhiteElo "2397"]
[BlackElo "2450"]

1.d4 Nf6 2.c4 e6 3.g3 d5 4.Bg2 Be7 5.Nf3 O-O 6.O-O dxc4 7.Qc2 a6 8.a4 Bd7
9.Qxc4 Bc6 10.Bg5 b5 11.Qc1 Qc8 12.axb5 axb5 13.Nbd2 h6 14.Bxf6 Bxf6 15.Qc3 Qb7
16.Rxa8 Qxa8 17.Nb3 Qa6 18.Nc5 Qb6 19.b4 Na6 20.Nxa6  1/2-1/2

[Event "14th Open"]
[Site "Abu Dhabi UAE"]
[Date "2004.08.23"]
[Round "9"]
[White "Raetsky,A"]
[Black "Sachdev,T"]
[Result "1/2-1/2"]
[WhiteElo "2399"]
[BlackElo "2240"]

1.d4 Nf6 2.c4 e6 3.g3 d5 4.Nf3 Be7 5.Bg2 O-O 6.O-O b6 7.cxd5 exd5 8.Nc3 Bb7
9.Ne5 c6 10.e4 dxe4 11.Nxe4 Nd5 12.Nc3 Bf6 13.Qb3 Nxc3 14.Qxc3 Bxe5 15.dxe5 Qe7
16.b4 Na6 17.a3 c5 18.Bg5 Qc7 19.Rfd1 Bxg2 20.Kxg2 h6 21.Bf4 Qb7+ 22.Kg1 Rac8
23.e6 cxb4 24.Qe3 fxe6 25.Qxe6+ Qf7 26.Qe2 Nc5 27.axb4 Ne6 28.Be5 Rfe8 29.f4 Re7
30.Rd2 Nf8 31.Rad1 Qb3 32.Qe4 Qf7 33.b5 Rce8 34.Qc6 Ng6 35.Bc3 Rc7 36.Qxe8+ Qxe8
37.Rd8 Kf7 38.Rxe8 Kxe8 39.Bb2 Kf7 40.Rd2 Nf8 41.Kf2 Rc5 42.Ba3 Rxb5 43.Rd8 Ne6
44.Rd7+ Kg6 45.Rxa7 Ra5 46.Rxa5 bxa5 47.Kf3 h5 48.Ke4 Nc7 49.h3 a4 50.g4 hxg4
51.hxg4 Nb5 52.Bb2 a3 53.f5+ Kg5 54.Bxg7 Nd6+ 55.Kd5 Nxf5 56.gxf5 Kxf5  1/2-1/2

[Event "Knjaz Milos Jezero Open"]
[Site "Belgrade SCG"]
[Date "2004.08.23"]
[Round "7"]
[White "Nikolic,Br"]
[Black "Lovric,R"]
[Result "1-0"]
[WhiteElo "2144"]
[BlackElo "2090"]

1.d4 d5 2.c4 e6 3.g3 Nf6 4.Bg2 Be7 5.Nf3 O-O 6.O-O c5 7.cxd5 exd5 8.Nc3 Nc6
9.Bg5 cxd4 10.Nxd4 h6 11.Bf4 Bg4 12.h3 Be6 13.Rc1 Qd7 14.Kh2 Rac8 15.Be3 Na5
16.b3 Ba3 17.Rc2 Bb4 18.Qd3 Bxc3 19.Rxc3 Ne4 20.Rxc8 Rxc8 21.Nxe6 Qxe6 22.Rd1 Nc6
23.Qxd5 Qxd5 24.Rxd5 Nc3 25.Rd7 b5 26.Bxa7 Nxa2 27.Bd5 Nc3 28.Bxf7+ Kh8 29.Bh5 Ne4
30.Bd4 Nxd4 31.Rxd4 Nxf2 32.Kg2  1-0

[Event "2nd Misr Closed"]
[Site "Ismailia EGY"]
[Date "2004.08.25"]
[Round "11"]
[White "Komarov,D"]
[Black "Amin,B"]
[Result "1/2-1/2"]
[WhiteElo "2567"]
[BlackElo "2425"]

1.d4 d5 2.c4 e6 3.Nf3 Nf6 4.g3 Be7 5.Bg2 O-O 6.O-O c5 7.cxd5 exd5 8.Nc3 Nc6
9.dxc5 Bxc5 10.Bg5 Be6  1/2-1/2

[Event "VI Sants Open"]
[Site "Barcelona ESP"]
[Date "2004.08.29"]
[Round "3"]
[White "Stefansson,H"]
[Black "Alsina Leal,D"]
[Result "1-0"]
[WhiteElo "2549"]
[BlackElo "2274"]

1.d4 Nf6 2.c4 e6 3.g3 d5 4.Bg2 Be7 5.Nf3 O-O 6.O-O dxc4 7.Qc2 a6 8.Qxc4 b5
9.Qc2 Bb7 10.Bd2 Be4 11.Qc1 Nc6 12.e3 b4 13.Ne5 Bxg2 14.Nxc6 Bxc6 15.Qxc6 Qd5
16.Rc1 Bd6 17.Qxd5 exd5 18.Be1 a5 19.Nd2 a4 20.f3 Rfe8 21.Bf2 g5 22.h3 h5
23.g4 hxg4 24.hxg4 Kg7 25.Kg2 c5 26.dxc5 Be5 27.Rab1 a3 28.bxa3 Rxa3 29.Rc2 Rc3
30.Rbc1 d4 31.exd4 Bf4 32.Nb1 Rd3 33.Rh1 Nd5 34.Rb2 Bc7 35.Re1 Nf4+ 36.Kf1 Rh8
37.Nd2 Rh1+ 38.Bg1 Rxd4 39.Ne4 Rd3 40.Rb3 Rxb3 41.axb3 Kg6 42.Rd1 Be5 43.Nf2 Rh8
44.Nd3 Nxd3 45.Rxd3 Kf6 46.Be3 Rc8 47.Rd7 Ke6 48.Rb7 Bc3 49.Ke2 f6 50.Kd3 Kd5
51.Rd7+ Ke6 52.Rd6+ Ke5 53.Kc4 Rh8 54.Bd4+ Bxd4 55.Rxd4  1-0

[Event "VI Sants Open"]
[Site "Barcelona ESP"]
[Date "2004.08.30"]
[Round "4"]
[White "Panelo,M"]
[Black "Stefansson,H"]
[Result "1-0"]
[WhiteElo "2410"]
[BlackElo "2549"]

1.d4 Nf6 2.c4 e6 3.Nf3 d5 4.g3 Be7 5.Bg2 O-O 6.O-O dxc4 7.Qc2 a6 8.Qxc4 b5
9.Qc2 Bb7 10.Bg5 Nbd7 11.Bxf6 Nxf6 12.Nbd2 Rc8 13.Nb3 Be4 14.Qc3 Nd5 15.Qd2 Bb4
16.Qc1 c5 17.dxc5 Qc7 18.Qg5 Bxc5 19.Rac1 Qd6 20.Nxc5 Rxc5 21.Qe5 Qxe5 22.Nxe5 Rxc1
23.Rxc1 Bxg2 24.Kxg2 Rb8 25.e4 Nb6 26.Rc7 f6 27.Nc6 Re8 28.b3 Kf8 29.Ra7 Nc8
30.Rxa6 Nd6 31.Nd4 Nxe4 32.Nxb5 e5 33.Nd6 Nxd6 34.Rxd6 Rc8 35.Rb6 Rc2 36.a4 e4
37.Kf1 Ra2 38.Rb5 Kf7 39.a5 Ke6 40.b4 g5 41.g4 Kd6 42.h3 Ke6 43.Rb6+ Ke5
44.a6 e3 45.Rb5+ Ke4 46.Ra5  1-0

[Event "VI Sants Open"]
[Site "Barcelona ESP"]
[Date "2004.09.05"]
[Round "10"]
[White "Izoria,Z"]
[Black "Fluvia Poyatos,J"]
[Result "1/2-1/2"]
[WhiteElo "2593"]
[BlackElo "2450"]

1.d4 Nf6 2.c4 e6 3.Nf3 d5 4.g3 Be7 5.Bg2 O-O 6.O-O dxc4 7.Ne5 Nc6 8.Bxc6 bxc6
9.Nxc6 Qe8 10.Nxe7+ Qxe7 11.Qa4 e5 12.dxe5 Qxe5 13.Qxc4 Be6 14.Qd3 Rad8 15.Qe3 Qh5
16.f3 Rfe8 17.Qg5 Qh3 18.Nc3 Bc4 19.Be3 Nd5 20.Bd4 h6 21.Qc1 Nxc3 22.Qxc3 Bxe2
23.Rf2 a6 24.a4  1/2-1/2

[Event "State-ch"]
[Site "New York USA"]
[Date "2004.09.05"]
[Round "3"]
[White "Shapiro,D"]
[Black "Kwartler,L"]
[Result "1-0"]
[WhiteElo "2269"]
[BlackElo "2265"]

1.d4 Nf6 2.c4 e6 3.g3 d5 4.Bg2 Be7 5.Nf3 O-O 6.O-O Nbd7 7.Qc2 c6 8.Rd1 b6
9.Nc3 Bb7 10.b3 Rc8 11.e4 dxe4 12.Ng5 h6 13.Ngxe4 Nxe4 14.Nxe4 Nf6 15.c5 Nxe4
16.Bxe4 Rc7 17.Be3 Bf6 18.Rac1 Rd7 19.cxb6 axb6 20.Bxc6 Bxc6 21.Qxc6 Bxd4
22.Qa4 e5 23.Rc4 Rd5 24.Qc6 Rd6 25.Qc7 Qxc7 26.Rxc7 Rfd8 27.Bxd4 exd4 28.Rd3 Kf8
29.Kf1 R8d7 30.Rxd7 Rxd7 31.Ke2 Ke7 32.Rd2 Ke6 33.Kd3 Kd5 34.Rc2 b5 35.b4 Ra7
36.Rc5+ Kd6 37.Kxd4 Rxa2 38.Ke3 Ra3+ 39.Kf4 Ra2 40.Ke3 Ra3+ 41.Kf4 Ra2 42.Kf3 Ra3+
43.Kg2 Ra7 44.Rxb5 Kc6 45.Rc5+ Kd6 46.Rc2 Rb7 47.Rb2 Rb5 48.Kf3 Kd5 49.g4 Kd4
50.Re2 Rb7 51.Re4+ Kd3 52.h4 f6 53.h5 Kc3 54.Kf4 Kd3 55.f3 Kc3 56.Kf5 Kd3
57.Kg6 Kc3 58.Kh7 Kd3 59.Kg8 Kc3 60.Kf8 Kd3 61.Re7 Rxb4 62.Kxg7 Rf4 63.Rf7  1-0

[Event "TCh-SCG Men"]
[Site "Budva SCG"]
[Date "2004.09.08"]
[Round "1"]
[White "Ivanisevic,I"]
[Black "Abramovic,B"]
[Result "0-1"]
[WhiteElo "2544"]
[BlackElo "2466"]

1.d4 d5 2.c4 e6 3.Nf3 Nf6 4.g3 Be7 5.Bg2 O-O 6.O-O dxc4 7.Ne5 Nc6 8.Nxc6 bxc6
9.Na3 Bxa3 10.bxa3 Rb8 11.Qa4 Qxd4 12.Be3 Qe5 13.Qxc4 Qa5 14.Rab1 Rxb1 15.Rxb1 Nd7
16.Qb4 Qa6 17.Qe7 c5 18.Rd1 Qxe2 19.Rc1 h6 20.Be4 Nf6 21.Bg2 Nd5 22.Qxc5 Nxe3
23.Qxe3 Qxe3 24.fxe3 Rd8 25.Rxc7 Rd1+ 26.Kf2 Rd2+ 27.Kf3 Ba6 28.Rxa7 Bc4
29.e4 f5 30.Rc7 fxe4+ 31.Ke3 Re2+ 32.Kd4 Bd5 33.Bf1 Rd2+ 34.Ke3 Rxa2 35.Ra7 Rxh2
36.a4 Ra2 37.Be2 Kh7 38.a5 Kg6 39.g4 Kf6 40.a6 g6 41.Rd7 Ke5 42.a7 Ra3+ 43.Kf2 Kd4
44.Kg2 Ra2 45.Kf2 h5 46.gxh5 gxh5 47.Kg3 Ra3+ 48.Kh4 Ke3 49.Bxh5 Kf2 50.Rc7 Ra2
51.Rf7+ Ke1 52.Kg3 e3 53.Bf3 e2 54.Bg4 Ra3+ 55.Kh2 Kd2 56.Rf2 Bc4  0-1

[Event "TCh-CRO"]
[Site "Rabac CRO"]
[Date "2004.09.09"]
[Round "5"]
[White "Kozul,Z"]
[Black "Zelcic,R"]
[Result "1-0"]
[WhiteElo "2630"]
[BlackElo "2521"]

1.d4 d5 2.c4 e6 3.g3 Nf6 4.Bg2 Be7 5.Nf3 O-O 6.O-O c5 7.cxd5 exd5 8.dxc5 Bxc5
9.a3 a6 10.b4 Ba7 11.Bb2 Nc6 12.Nbd2 Re8 13.Nb3 Bg4 14.Ra2 d4 15.Ba1 Be6
16.Ng5 Bc4 17.Rd2 Qe7 18.Bxc6 bxc6 19.Nxd4 Bxd4 20.Bxd4 Ng4 21.f4 h6 22.Bc5 Qf6
23.Qc2 hxg5 24.Qxc4 gxf4 25.Qxf4 Qg6 26.Qf5 Qxf5 27.Rxf5 Nf6 28.Rc2 Nd5 29.Bd4 Rad8
30.Re5 Rxe5 31.Bxe5 f6 32.Bf4 Nxf4 33.gxf4 Rd1+ 34.Kf2 Ra1 35.Rc3 Kf7 36.Kf3 Ke7
37.Ke4 g6 38.h4 Ra2 39.e3 Kd6 40.f5 gxf5+ 41.Kxf5 Rf2+ 42.Kg6 f5 43.h5 Rh2
44.Rc5  1-0

[Event "ProMoPro Open"]
[Site "Prague CZE"]
[Date "2004.09.11"]
[Round "1"]
[White "Cernousek,L"]
[Black "Rmoutil,M"]
[Result "1-0"]
[WhiteElo "2378"]
[BlackElo "2007"]

1.d4 d5 2.c4 e6 3.Nf3 Nf6 4.g3 Be7 5.Bg2 O-O 6.O-O Nbd7 7.Qc2 dxc4 8.Qxc4 c5
9.dxc5 Nxc5 10.Nc3 Bd7 11.b4 Na6 12.a3 Rc8 13.Qb3 Qc7 14.Bd2 e5 15.Rac1 Be6
16.Qb2 Qb8 17.Bg5 h6 18.Bxf6 Bxf6 19.Ne4 Be7 20.Nxe5 Nc7 21.Nc5 Bf6 22.f4 b6
23.Ne4 Bxe5 24.Qxe5 Nd5 25.Nd6 Rcd8 26.Nc4 Qxe5 27.Nxe5 Ne3 28.Rfe1 Rd2 29.Be4 f6
30.Nf3 Ra2 31.Rc3 Nc4 32.Nd4 Bf7 33.Nc2 Rd8 34.b5 Rb2 35.Bd3 Nd2 36.Nb4 Nb3
37.Nc6 Rd7 38.Ne5  1-0

[Event "3rd Autumn"]
[Site "Alushta UKR"]
[Date "2004.09.12"]
[Round "4"]
[White "Nikitin,An"]
[Black "Kuzubov,Y"]
[Result "1/2-1/2"]
[WhiteElo "2452"]
[BlackElo "2467"]

1.d4 Nf6 2.c4 e6 3.g3 d5 4.Nf3 Be7 5.Bg2 O-O 6.O-O dxc4 7.Qc2 a6 8.Qxc4 b5
9.Qc2 Bb7 10.Bf4 Bd6 11.Nbd2 Nbd7 12.a4 Qb8 13.axb5 axb5 14.Nb3 Be4  1/2-1/2

[Event "TCh-SCG Men"]
[Site "Budva SCG"]
[Date "2004.09.12"]
[Round "5"]
[White "Markus,R"]
[Black "Cvetkovic,Sr"]
[Result "1/2-1/2"]
[WhiteElo "2550"]
[BlackElo "2436"]

1.d4 Nf6 2.c4 e6 3.Nf3 d5 4.g3 Be7 5.Bg2 O-O 6.O-O dxc4 7.Qc2 a6 8.Qxc4 b5
9.Qc2 Bb7 10.Bd2 Be4 11.Qc1 Qc8 12.Bg5 h6 13.Bxf6 Bxf6 14.Nbd2 Bb7 15.Nb3 Nd7
16.Qc2 a5 17.Rfc1 a4 18.Nc5 Nxc5 19.Qxc5 Bd5 20.Ne1 Bxg2 21.Nxg2 Rd8 22.e3 Rd5
23.Qc6 Ra6 24.Qxc7 Qxc7 25.Rxc7 e5 26.Rc8+ Kh7 27.Ne1 exd4 28.e4 Re5 29.f3 d3
30.Nxd3 a3 31.Rb1 axb2 32.Rxb2 Re7 33.Rd2 Rd7 34.Kf1 b4 35.Rcc2 Bc3 36.Nc5 Rxd2
37.Rxd2 Rf6 38.Rd3 Rc6 39.Rd5 Rc7 40.Nb3 Ra7 41.Ra5 Rd7 42.Ke2 g5 43.h4 Kg6
44.hxg5 hxg5 45.f4 gxf4 46.gxf4 Rd8 47.Ra7 f6 48.Nc5 Rd2+ 49.Ke3 Rd1 50.Ne6 Kh5
51.Ke2 Rd2+ 52.Ke3 Rd1 53.f5 Be5 54.Nf4+ Bxf4+ 55.Kxf4 Rf1+ 56.Ke3 Re1+ 57.Kd4 Kg5
58.Ra4 Kf4 59.Rxb4 Rxe4+ 60.Kc5 Rxb4 61.Kxb4 Kxf5  1/2-1/2

[Event "2nd Saipa Cup"]
[Site "Tehran IRI"]
[Date "2004.09.17"]
[Round "6"]
[White "Gleizerov,E"]
[Black "Moradiabadi,E"]
[Result "1-0"]
[WhiteElo "2539"]
[BlackElo "2435"]

1.d4 Nf6 2.c4 e6 3.g3 d5 4.Nf3 Be7 5.Bg2 O-O 6.O-O dxc4 7.Qc2 a6 8.a4 Bd7
9.Rd1 Bc6 10.Nc3 Nbd7 11.e4 b5 12.d5 exd5 13.e5 b4 14.exf6 b3 15.Qe2 Nxf6
16.Ne5 Bb7 17.Nxc4 Re8 18.Na5 Bb4 19.Nxb7 Rxe2 20.Nxd8 Bxc3 21.Nc6 Bxb2 22.Bxb2 Rxb2
23.Rab1 Rc2 24.Nd4 c5 25.Nxb3 Rd8 26.Bxd5 Nxd5 27.Na1 Rc4 28.Rxd5 Rc8 29.Nb3 g6
30.Rc1  1-0

[Event "TCh-SCG Men"]
[Site "Budva SCG"]
[Date "2004.09.18"]
[Round "10"]
[White "Blagojevic,D"]
[Black "Maksimovic,B"]
[Result "1/2-1/2"]
[WhiteElo "2536"]
[BlackElo "2393"]

1.d4 Nf6 2.c4 e6 3.g3 d5 4.Nf3 Be7 5.Bg2 O-O 6.O-O Nbd7 7.Qc2 c6 8.b3 b6
9.Rd1 Ba6 10.Nbd2 Rc8 11.e4 c5 12.exd5 exd5 13.Bb2 b5 14.cxd5 c4 15.bxc4 bxc4
16.Ne5 Nxd5 17.Ne4 c3 18.Nxc3 Nxc3 19.Bxc3 Nxe5 20.dxe5 Qc7 21.Qa4 Qxc3 22.Qxa6 Qxe5
23.Qxa7 Rc2 24.Re1 Qf6 25.Rac1 Bc5 26.Qxc5 Rxc5 27.Rxc5 g6 28.Rce5 Kg7 29.Bd5  1/2-1/2

[Event "Tch-FIN 2004-5"]
[Site "Finland FIN"]
[Date "2004.09.19"]
[Round "2"]
[White "Pessi,J"]
[Black "Nokso Koivisto,An"]
[Result "1/2-1/2"]
[WhiteElo "2180"]
[BlackElo "2219"]

1.d4 d5 2.c4 e6 3.Nf3 Nf6 4.g3 Be7 5.Bg2 O-O 6.O-O dxc4 7.Qc2 a6 8.Qxc4 b5
9.Qc2 Bb7 10.Bf4 Nc6 11.Nbd2 Nxd4 12.Nxd4 Bxg2 13.Nxe6 fxe6 14.Kxg2 c5 15.Nf3 Qb6
16.Rac1 Rad8 17.Be3 Nd7 18.Qe4 Nf6 19.Qc2 Nd7 20.Qe4 Nf6 21.Qc2  1/2-1/2